L'Isard i la vinya /
ISBN:
9788412659474
Descripción Física:
83 pàgines : il·lustracions en color ; 21 x 21 cm
Materias:
Flaquer, Carles, -- 1972-
; Viticultors -- Biografia -- Catalunya
; Viticultura -- Catalunya
; Plagues de fauna salvatge -- Control -- Catalunya
; Sant Julià de Cerdanyola (Catalunya)
Idioma:
Catalán
MARC
| LEADER | 00000nam a2200000 i 4500 | ||
|---|---|---|---|
| 001 | 28568 | ||
| 003 | AGDb | ||
| 005 | 20260324181526.0 | ||
| 008 | 230802e202303 spca||| |||| 0|0 0dcat| | ||
| 015 | |a LL2023 |2 bnc | ||
| 017 | |a GI 467-2023 |b Biblioteca de Catalunya | ||
| 020 | |a 9788412659474 | ||
| 040 | |a ES-BaBC |b cat |e rda |c ES-BaBC | ||
| 043 | |a e-sp--- |b e-spcbr |2 catmarc | ||
| 080 | |a 929Flaquer, Carles |2 2004 | ||
| 080 | |a 634.8 |x (460.23 Br Sant Julià de Cerdanyola) |2 2004 | ||
| 080 | |a 591.619 |x (460.23 Br Sant Julià de Cerdanyola):592/599 |2 2004 | ||
| 100 | 1 | |a Flaquer, Carles, |d 1972- |e autor |9 71494 | |
| 245 | 1 | 2 | |a L'Isard i la vinya / |c autor: Carles Flaquer |
| 250 | |a Primera edició | ||
| 264 | 1 | |a [Blanes] : |b El Punt Volat ; |c març de 2023 | |
| 300 | |a 83 pàgines : |b il·lustracions en color ; |c 21 x 21 cm | ||
| 336 | |a text |b txt |2 rdacontent | ||
| 337 | |a sense mediació |b n |2 rdamedia | ||
| 338 | |a volum |b nc |2 rdacarrier | ||
| 504 | |a Inclou referències bibliogràfiques (pàgina 83) | ||
| 600 | 1 | 7 | |a Flaquer, Carles, |d 1972- |2 lemac |9 71494 |
| 650 | 0 | |a Viticultors |v Biografia |z Catalunya |2 lemac |9 71495 | |
| 650 | 0 | |a Viticultura |z Catalunya |2 lemac |9 71497 | |
| 650 | 0 | |a Plagues de fauna salvatge |x Control |z Catalunya |2 lemac |9 71498 | |
| 651 | 0 | |a Sant Julià de Cerdanyola (Catalunya) |9 71496 | |
| 908 | |a BC | ||
| 940 | |a BC | ||
| 942 | |2 udc |c ARXIU |n 1 | ||
| 952 | |0 0 |1 0 |4 0 |6 BIB1188 |7 1 |9 97323 |a Arxiu |b Arxiu |d 2024-07-29 |l 0 |o Bib-1188 |p 28568 |r 2024-07-29 00:00:00 |w 2024-07-29 |y ARXIU | ||
| 999 | |c 129174 |d 129174 | ||